| 000 | 00683nam a2200205 a 4500 | ||
|---|---|---|---|
| 001 | 000028432 | ||
| 005 | 20240412074253.0 | ||
| 008 | 110408s1999 dr a 000 0 spa d | ||
| 020 | _a9993400009 | ||
| 040 |
_aDO-SdBNP _bspa _cBNPHU |
||
| 082 |
_aRD861.44 _bN124tr |
||
| 100 | 1 |
_aNacidit-Perdomo, Ylonka, _d1965- _924277 |
|
| 245 | 1 | 0 |
_aTriángulo en trébol : _b¿acaso el amor quiebra la tristeza? / _cYlonka Nacidit-Perdomo. |
| 260 |
_aSanto Domingo : _bStanley Gráficas, _c1999. |
||
| 300 |
_a61 p. : _bil. ; _c14 cm. |
||
| 590 | _aInventariado, 2018/LP | ||
| 650 | 0 |
_aPoesía dominicana _966 |
|
| 650 | 0 |
_aLiteratura dominicana. _967 |
|
| 910 | _aValidado. Control de calidad EMS | ||
| 999 |
_c27924 _d27924 |
||